Время игры: документальная повесть

書誌詳細
第一著者: Самойлов А. П. Алексей Петрович
要約:Исключено из фонда НТБ ТПУ
言語:ロシア語
出版事項: Москва, Физкультура и спорт, 1986
フォーマット: 図書
KOHA link:https://koha.lib.tpu.ru/cgi-bin/koha/opac-detail.pl?biblionumber=270390

MARC

LEADER 00000nam0a2200000 4500
001 270390
005 20231031224943.0
035 |a (RuTPU)RU\TPU\book\293571 
090 |a 270390 
100 |a 20140926d1986 m y0rusy50 ca 
101 0 |a rus 
102 |a RU 
105 |a y z 001ay 
200 1 |a Время игры  |e документальная повесть  |f А. П. Самойлов  
210 |a Москва  |c Физкультура и спорт  |d 1986 
215 |a 208 с. 
333 |a Исключено из фонда НТБ ТПУ 
700 1 |a Самойлов  |b А. П.  |g Алексей Петрович 
801 1 |a RU  |b 63413507  |c 20140926 
801 2 |a RU  |b 63413507  |c 20220517  |g RCR 
942 |c BK